MDQL
is popping MORE tags! Check the
thread
!
Quizzes
Events
Quiz Creation
Community
Videos
Private Events
Remove Ads
Sign In
Join for FREE
Feedback
Dark Mode
Quiz Categories
Sports
Geography
Music
Movies
Television
Just For Fun
Miscellaneous
History
Literature
Language
Science
Gaming
Entertainment
Religion
Holiday
For Kids
Quiz Lab
Recent
Popular Today
Quiz Kudos Today
Editor Picks
Curator Picks
Quizzes by...
Day
Popularity
Type
Ratings
Length
Year
Community
Subscriptions
Recent Discussions
Orange Saloon
Badges
Playlists
Quests
Create
Leaderboards
Showdown
Live 5
Trivia Bingo
Activity
Puzzle Library
Sporcle Events
Private Events
Virtual Trivia
Globe League
Become a Host
Pub Owners
SporcleCon
Opinionation
Our Games
Videos
Blog
Mobile Apps
Partnerships
Remove Ads and Go Orange
Feedback
Sports
Athletes
MLB
NBA
NHL
NFL
Soccer
Sports Teams
WWE
NCAA
Football
Premier League
Basketball
Baseball
Hockey
Golf
Tennis
Cricket
Rugby
Auto Racing
Olympics
World Cup
Sports
Athletes
MLB
NBA
NHL
NFL
Soccer
Sports Teams
WWE
NCAA
Football
Premier League
Basketball
Baseball
Hockey
Golf
Tennis
Cricket
Rugby
Auto Racing
Olympics
World Cup
Random Quiz
Search Sporcle
×
Editor Pick
Editor Pick
Sports
Nominee
Type in answers that appear in a list
Type in answers that appear in a list
Classic
Best Score? Go Orange.
Can you name the World Rugby Player of the Year ? Stats
Can you name both the World Rugby Player of the Year winner and the nominees ?
By
LvanL
8m
113 Questions
5,521 Plays
5,521 Plays
5,521 Plays
Comments
Comments
Give Quiz Kudos
Give Quiz Kudos
-
- Ratings
hide this ad
Replay
Link that replays current quiz
Next Quiz
Link to next quiz in quiz playlist
You Got
0%
They Got
Avg Score
43%
Avg Friend Score
Upgrade to see
Score Distribution
Jump to the score distribution portion of the page
Score
0/113
Timer
08:00
1
Play Today
Status
Name
% Correct
2023
Antoine Dupont
91%
2021
Antoine Dupont
90.5%
2022
Antoine Dupont
89.5%
2022
Jonathan Sexton
88.3%
2005
Dan Carter
87%
2006
Dan Carter
87%
2008
Dan Carter
87%
2012
Dan Carter
87%
2015
Dan Carter
87%
2023
Ardie Savea
85%
2001
Jonny Wilkinson
84.5%
2003
Jonny Wilkinson
84.5%
2002
Richie McCaw
81.6%
2003
Richie McCaw
81.6%
2005
Richie McCaw
81.6%
2006
Richie McCaw
81.6%
2007
Richie McCaw
81.6%
2009
Richie McCaw
81.6%
2010
Richie McCaw
81.6%
2012
Richie McCaw
81.6%
2023
Eben Etzebeth
79.5%
2018
Jonathan Sexton
79%
2014
Jonathan Sexton
78.8%
2016
Beauden Barrett
78%
2017
Beauden Barrett
78%
2018
Beauden Barrett
77.8%
2022
Josh van der Flier
77%
2013
Ben Smith
74.6%
2001
George Smith
74.5%
2019
Pieter-Steph du Toit
74.4%
2023
Bundee Aki
73.5%
2019
Alun-Wyn Jones
72.8%
2019
Ardie Savea
71.9%
2021
Maro Itoje
70.8%
2012
Owen Farrell
70.6%
2016
Owen Farrell
70.6%
2017
Owen Farrell
70.6%
2008
Shane Williams
68.3%
Status
Name
% Correct
2001
Brian O'Driscoll
67.7%
2002
Brian O'Driscoll
67.7%
2009
Brian O'Driscoll
67.7%
2021
Michael Hooper
67.1%
2013
Kieran Read
64.7%
2019
Cheslin Kolbe
64.6%
2005
Bryan Habana
63.6%
2007
Bryan Habana
63.6%
2015
Alun-Wyn Jones
60%
2001
Keith Wood
59.7%
2014
Brodie Retallick
59.1%
2008
Ryan Jones
58.8%
2022
Lukhanyo Am
54.4%
2019
Tom Curry
53.4%
2001
George Gregan
52.1%
2014
Julian Savea
51.5%
2015
Julian Savea
51.5%
2016
Maro Itoje
51.4%
2017
Maro Itoje
51.4%
2011
Ma'a Nonu
50.6%
2010
David Pocock
46.7%
2011
David Pocock
46.7%
2015
David Pocock
46.7%
2015
Michael Hooper
45.3%
2004
Schalk Burger
44.9%
2002
Jason Robinson
44.1%
2016
Billy Vunipola
44.1%
2017
Rieko Ioane
43.9%
2018
Rieko Ioane
43.9%
2017
Israel Folau
43.3%
2011
Thierry Dusautoir
43.1%
2018
Malcolm Marx
42.5%
2016
Dane Coles
42.2%
2006
Paul O'Connell
40.4%
2018
Faf de Klerk
40%
2013
Leigh Halfpenny
40%
2008
Sergio Parisse
39.1%
2013
Sergio Parisse
39.1%
Status
Name
% Correct
2011
Will Genia
38.5%
2009
Jamie Heaslip
37.7%
2016
Jamie Heaslip
37.7%
2021
Samu Kerevi
37.7%
2005
Victor Matfield
36.2%
2010
Victor Matfield
36.2%
2002
Fabien Galthié
34.1%
2005
Tana Umaga
34%
2013
Eben Etzebeth
33.7%
2011
Jerome Kaino
33.5%
2009
François Steyn
31.1%
2006
Fourie du Preez
29.7%
2009
Fourie du Preez
29.7%
2004
Matt Giteau
29.4%
2009
Matt Giteau
29.4%
2011
Piri Weepu
29.4%
2003
Steve Thompson
27.2%
2012
Frédéric Michalak
27.1%
2004
Gordon D'Arcy
26.5%
2014
Duane Vermeulen
25.6%
2004
Serge Betsen
24.7%
2014
Willie Le Roux
24.6%
2015
Greig Laidlaw
24.3%
2019
Joe Taufete’e
24%
2003
Imanol Harinordoquy
23.1%
2010
Imanol Harinordoquy
23.1%
2010
Kurtley Beale
22.8%
2007
Yannick Jauzion
22.8%
2010
Mils Muliaina
22.1%
2007
Juan Martin Hernandez
21.7%
2007
Felipe Contepomi
19.1%
2006
Chris Latham
18.3%
2003
Phil Waugh
17.1%
2008
Mike Blair
15.7%
2009
Tom Croft
13.9%
2002
Joe van Niekerk
13.6%
2004
Marius Joubert
12.8%
Quiz Playlist
Details
Report
Send in Message
Add To Playlist
Classic:
Type in answers that appear in a list
Last Updated: Nov 4, 2019
Editor Pick in
Sports
Curator Pick in
Rugby
Quiz Scoreboard
CHALLENGE
Sign Up to Join the Scoreboard
Show All
Scores
Hide
Comments
May contain spoilers
Recently Published
Colored Red Africa Blitz
by spor1
Geography
30s
Find the 'City' Movie
by crazypaving
Movies
60s
5x2 Blitz: Bands
by SL_Kpop136
Music
30s
More to Explore
Quiz From the Vault
Featured Blog Post
14 Easter Pick-up Lines to Find Eggs With
hide this ad
You Might Also Like...
Tags
Nominee Quiz
Rugby Quiz
World Quiz
Year Quiz
Award Winners
Best Player
International Rugby
Player of the Year
Rugby Union
Top Player
Today's Top Quizzes in Sports
Browse Sports
hide this ad
Today's Top Quizzes in Nominee
Browse Nominee
Top Contributed Quizzes in Sports
1
Les entraîneurs de l'OM et du PSG au 21e siècle
2
Les meilleurs buteurs des matchs entre le PSG et l’OM
3
Les joueurs passés par le PSG et l'OM
4
Players with Multiple 50 Home Run Seasons
5
2022 World Cup Stars
6
Criteria MLB: Left Handed Sluggers
7
NBA Logic Puzzle 2.0
8
MLB Players with Two .350 Batting Average Seasons
9
Top 10 NHL Goal Scorers of All Time
10
Les joueurs passés par le LOSC et le RC Lens
Explore More
Trending Topics
Marvel
Disney
Kpop
Crossword
Harry Potter
NBA
Anime
Pokémon
Song
Country
WWE
Puzzle
NFL
The Office
Soccer
hide this ad
More By:
LvanL
Quiz
Plays
Rating
Category
Featured
Created
NBA & ABA Over/Under 20,000pts
8,449
4.87
Sports
May 13, 2022
Can you name the World Rugby Player of the Year ?
5,521
5.00
Sports
Nov 20, 2018
NBA players with 20+ PPG seasons in the 2020s
5,072
3.19
Sports
Jul 13, 2021
Top 100 NBA - Total numbers - 2020's (updated 03/2024)
4,251
5.00
Sports
Aug 23, 2023
France Rugby World Cup Squads
3,400
5.00
Sports
Nov 19, 2018
Go to Creator's Profile
Score Distribution
Quiz Creator Spotlight
LvanL
Follow
Send a Message
Quizzes Created
-
Created Quiz Play Count
-
More By This Creator
Popular Quizzes Today
1
Colored Red Africa Blitz
2
Find the 'City' Movie
3
5x2 Blitz: Bands
4
Find the US States - No Outlines Minefield
5
The Countries of the World
6
Find the US States
7
US States
8
Find the Countries of Europe - No Outlines Minefield
More Sports Quizzes
Россияне в Серии А
Quiz Lab
Trending Quizzes
Colored Red Europe Blitz I
Colored Red Europe Blitz II
Colored Red Africa Blitz II
Colored Red Europe Blitz III
Colored Red Africa Blitz III
Recently Updated
How Do You Spell That?
pecheneg
Godzilla Movies
pecheneg
Grab Bag: 4-10 Letters
pecheneg
2024 March Madness Bracket
pecheneg
Famous TV Couples
Peacemaker
Champions League XIs: Real Madrid
pecheneg
Largest US Cities 1790-2010
pecheneg
Rides in Walt Disney World
pecheneg
Most Oscar Losses (Acting)
pecheneg
Beyoncé Albums
pecheneg
Trending Topics
Kpop
Crossword
Anime
Disney
NBA
Marvel
Harry Potter
Country
Soccer
Song
Puzzle
The Office
Pokémon
NFL
WWE
Your Account Isn't Verified!
In order to create a playlist on Sporcle, you need to verify the email address you used during registration. Go to your
Sporcle Settings
to finish the process.
Report this User
Report this user for behavior that violates our
Community Guidelines
.
Details:
Send Report
Go to the Sporcle.com Mobile Site →
Comments